000 00633cab a2200241 4500
001 X1988
008 090401t1995 xxu||||| |||| 00| 0 eng d
035 _a(Sirsi) u20893
041 _aeng
245 _aWorth and DCF: your views required
260 _c1995
350 _a0
490 _aCSM (Chartered Surveyor Monthly)
_v4(4) February 1995, 20(1)
650 _aALL-RISK YIELD
650 _aCALCULATION OF WORTH
650 _aDISCOUNTED CASH FLOW
650 _aMALLINSON REPORT
650 _aOPEN MARKET VALUE
650 _aRED AND WHITE BOOKS
690 _aRATING AND VALUATION
942 _n0
948 _c04/03/1997
999 _c14004
_d14004